Alfabetizar en el primer ciclo escolar: dilema y alternativas/ por Nora E. Elichiry. (Record no. 134025)

MARC details
000 -CABECERA
campo de control de longitud fija 00660nam a2200193 a 4500
005 - FECHA Y HORA DE LA ÚLTIMA TRANSACCIÓN
campo de control 20210223130707.0
008 - ELEMENTOS DE LONGITUD FIJA--INFORMACIÓN GENERAL
campo de control de longitud fija 081002s2000 mx r 000 0 spa d
035 ## - NÚMERO DE CONTROL DEL SISTEMA
Número de control de sistema UPN01000161912
049 ## - COLECCIÓN
Colección UNE
080 ## - NÚMERO DE CLASIFICACIÓN DECIMAL UNIVERSAL
Número de la Clasificación Decimal Universal 37.014. 22 (7/8) "1991" ELI
100 1# - ASIENTO PRINCIPAL--NOMBRE PERSONAL
Nombre de persona Elichiry, Nora Emilce
9 (RLIN) 32255
245 10 - MENCIÓN DE TÍTULO
Título Alfabetizar en el primer ciclo escolar: dilema y alternativas/ por Nora E. Elichiry.
260 ## - PUBLICACIÓN, DISTRIBUCIÓN, ETC.
Lugar de publicación, distribución, etc. Santago de Chile : OREALC, 1991
300 ## - DESCRIPCIÓN FÍSICA
Extensión 124 p.
500 ## - NOTA GENERAL
Nota general Incluye bibliografía
690 ## - PUNTO DE ACCESO ADICIONAL DE MATERIA LOCAL--TÉRMINO DE MATERIA (OCLC, RLIN)
Término de materia o nombre geográfico como elemento inicial Alfabetizacion- America Latina
710 2# - ASIENTO SECUNDARIO - NOMBRE CORPORATIVO
Nombre de entidad corporativa o nombre de jurisdicción como elemento de entrada OREALC. Oficina Regional de Educación de la UNESCO para América Latina y el Caribe
905 ## - TIPO DE MATERIAL
Tipo de material UNESCO

No items available.